000 01671nam0a2200361 4500
001 RU\NLR\bibl\479791
005 20260407093058.0
010 _a5-93098-019-5
_9150
021 _aRU
_b2003-61309
_93003
035 _a(NLR Aleph) 000472737
090 _a1003990
_c1003990
100 _a20040115d2003 |||y0rusy50 ca
101 0 _arus
102 _aRU
105 _aa |||||||||
200 1 _aКультура мышления и методология
_e(К 25-летию ММПК)
_fАнисимов О.С.
210 _aМ.
_cБ.и.
_d2003
215 _a742, [1] с.
_cил.
_d21
225 1 _aЭнциклопедия управленческих знаний
_fРедкол.: Анисимов О.С. и др.
_iМетодология
300 _aВ конце кн. авт.: Анисимов О.С. - д.психол.н., д.чл. Междунар. акад. акмеол. наук, Рос. экол. акад., Акад. социал. технологий и мест. самоупр., Акад. социал. и пед. наук, проф.
320 _aРаботы авт. по теме: с. 741-742 (22 назв.)
606 0 _aМышление
_9888365
_3RU\NLR\auth\66542
606 0 _aДеятельность
_9956376
_3RU\NLR\auth\66356478
686 _aЮ212.21
686 _aЮ935.131
686 _aЮ936.1
700 1 _aАнисимов
_bО. С.
_f1943-
_gОлег Сергеевич
_4070
712 0 2 _4570
_aМосковский методолого-педагогический кружок
_3RU\NLR\AUTH\8810051070
_9602422
801 0 _aRU
_bNLR
_c20040115
_gPSBO
801 1 _aRU
_bNLR
_c20040115
942 _cBOOK
980 _aNB